| 000 | 00561cam a2200181 4500 | ||
|---|---|---|---|
| 001 | ##L132541 | ||
| 008 | 060216n1953 000 0 eng u | ||
| 035 | _a(Sirsi) u132541 | ||
| 041 | 0 | _aeng | |
| 050 | 0 | 4 | _a333.062 $2 18 |
| 110 | 2 | _aValuers Institution | |
| 245 | 0 | 0 | _aConditions of membership and syllabus of examinations |
| 260 |
_a[S.l.] _b[s.n.] _c1953 |
||
| 300 |
_a21p. _c22cm.+ _esupplement |
||
| 520 | _aIncludes a supplement of the institution's code of conduct. | ||
| 690 | _aCAREERS, EDUCATION AND TRAINING-QUALIFICATION ROUTES | ||
| 942 | _n0 | ||
| 999 |
_c105178 _d105178 |
||